| 000 | 00338nam a2200109Ia 4500 | ||
|---|---|---|---|
| 008 | 230907s9999||||xx |||||||||||||| ||und|| | ||
| 082 |
_a621.811 _bMCM |
||
| 100 |
_aMcmillan, Robert _9118046 |
||
| 245 |
_aRotating machinery: practical solutions to unbalance and misalignment / _cRobert Mcmillan. |
||
| 260 | _c2019-09-27 | ||
| 942 |
_2ddc _cEB |
||
| 999 |
_c599665 _d599665 |
||